Gia đình TIBO

Uloženo v:
Podrobná bibliografie
Hlavní autor: Đuyga, Rôgiê Mactanh
Médium: Kniha
Tagy: Přidat tag
Žádné tagy, Buďte první, kdo otaguje tento záznam!
Thư viện lưu trữ: Mạng thư viện Đại học Đà Nẵng
LEADER 00661nam a2200205 4500
001 000005405
003 1549
005 20150812140828.0
008 110816s sd
100 1 |a Đuyga, Rôgiê Mactanh 
245 0 0 |a Gia đình TIBO  |c Đuyga, Rôgiê Mactanh 
774 |a Đuyga, Rôgiê Mactanh  |d NXB. Văn học  |d H.  |d 1982  |g Tập 1  |h 494 tr.  |n Dịch từ nguyên văn tiếng Pháp: Les Thibault của Roger Martin du Gard  |w 1550 
OWN |a LSP 
999 |a From the UDN01 
TYP |a Monograph 
TYP |a Printed language 
980 |a Mạng thư viện Đại học Đà Nẵng